Estadísticas para Las islas más grandes del Caribe

Haz click aquí para intentar la prueba.

Estadísticas generales

  • Esta prueba ha sido intentada 2.561 veces
  • La puntuación promedio es 7 de 20

Respuestas en el mapa

Las respuestas están codificadas por una escala verde-roja en el mapa de la prueba según el % correcto abajo.
 

Estadísticas de respuestas

km2Isla% Correcto
105,806Cuba
99%
11,188Jamaica
94%
4,827Trinidad
80%
8,896Puerto Rico
71%
750Dominica
66%
616Santa Lucía
62%
76,479Española
58%
1,128Martinica
35%
848Guadalupe
32%
1,020Isla Margarita
20%
1,373Gran Bahama
15%
2,237Isla de la Juventud
14%
647Cozumel
9%
1,144Gran Ábaco
9%
1,543Gran Inagua
8%
3,439Andros del Norte
7%
1,447Andros del Sur
7%
587Grande-Terre
7%
777Cayo Romano
6%
743Isla de la Gonâve
6%

Distribución de puntuación

Porcentaje por número respondido

Porcentaje de gente con cada puntuación

Historial de tus puntuaciones

No has intentado esta prueba.